[Event "Romanian Open 2019"]
[Site "Alba Iulia"]
[Date "2019.10.30"]
[Round "4.11"]
[White "Talu, Mircea"]
[Black "Dixit, Nikhil"]
[Result "1/2-1/2"]
[WhiteElo "2288"]
[BlackElo "2358"]
[Annotator "NA"]
[PlyCount "122"]
[EventDate "2019.10.28"]
[EventType "swiss"]
[EventCountry "ROU"]
[SourceTitle "playchess.com"]
[Source "ChessBase"]
[SourceQuality "1"]
[TimeControl "5400+30"]

1. d4 {[%emt 0:00:00]} Nf6 {[%emt 0:00:00]} 2. c4 {[%emt 0:00:00]} g6 {[%emt 0:00:00]} 3. g3 {[%emt 0:00:00]} Bg7 {[%emt 0:00:05]} 4. Bg2 {[%emt 0:00:02]} O-O {[%emt 0:00:05]} 5. Nc3 {[%emt 0:00:04]} d6 {[%emt 0:00:04]} 6. Nf3 {[%emt 0:00:06]} Nbd7 {[%emt 0:00:03]} 7. O-O {[%emt 0:00:29]} e5 {[%emt 0:00:15]} 8. e4 {[%emt 0:00:14]} c6 {[%emt 0:00:06]} 9. h3 {[%emt 0:00:20]} exd4 {[%emt 0:01:48]} 10. Nxd4 {[%emt 0:00:08]} Qa5 {[%emt 0:00:47]} 11. Bf4 {[%emt 0:20:22]} Ne5 {[%emt 0:05:36]} 12. Nb3 {[%emt 0:00:42]} Qc7 {[%emt 0:03:53]} 13. c5 {[%emt 0:06:10]} dxc5 {[%emt 0:01:12]} 14. Bxe5 {[%emt 0:00:14]} Qxe5 {[%emt 0:00:12]} 15. f4 {[%emt 0:00:05]} Qe7 {[%emt 0:07:49]} 16. e5 {[%emt 0:01:06]} Nd7 {[%emt 0:01:36]} 17. Re1 {[%emt 0:13:30]} c4 {[%emt 0:05:24]} 18. Nd2 {[%emt 0:02:30]} Nb6 {[%emt 0:03:11]} 19. Qe2 {[%emt 0:00:36]} Be6 {[%emt 0:01:59]} 20. Nce4 {[%emt 0:01:36]} Bd5 {[%emt 0:06:05]} 21. Kh2 {[%emt 0:11:04]} Rad8 {[%emt 0:02:10]} 22. Nd6 {[%emt 0:16:20]} Rxd6 {[%emt 0:10:48]} 23. exd6 {[%emt 0:00:02]} Qxd6 {[%emt 0:01:25]} 24. Rab1 {[%emt 0:05:12]} Qc5 {[%emt 0:07:54]} 25. Ne4 {[%emt 0:04:07]} Qa5 {[%emt 0:03:39]} 26. Qd2 {[%emt 0:03:41]} Qxd2 {[%emt 0:15:36]} 27. Nxd2 {[%emt 0:00:02]} Na4 {[%emt 0:00:58]} 28. Nxc4 {[%emt 0:02:17]} Bxc4 {[%emt 0:03:04]} 29. b3 {[%emt 0:00:09]} Bd3 {[%emt 0:01:49]} 30. bxa4 {[%emt 0:00:07]} Bxb1 {[%emt 0:00:11]} 31. Rxb1 {[%emt 0:00:05]} b6 {[%emt 0:00:32]} 32. Bxc6 {[%emt 0:00:13]} Rd8 {[%emt 0:00:04]} 33. Rg1 {[%emt 0:01:30]} h5 {[%emt 0:01:10]} 34. h4 {[%emt 0:00:52]} Rd3 {[%emt 0:00:29]} 35. Rg2 {[%emt 0:00:25]} Bc3 {[%emt 0:00:47]} 36. Re2 {[%emt 0:00:07]} Rd6 {[%emt 0:06:23]} 37. Bf3 {[%emt 0:01:07]} Kg7 {[%emt 0:00:33]} 38. Re7 {[%emt 0:01:37]} a5 {[%emt 0:00:37]} 39. Kh3 {[%emt 0:02:21]} Kf8 {[%emt 0:01:35]} 40. Re2 {[%emt 0:02:27]} Bb4 {[%emt 0:00:43]} 41. Be4 {[%emt 0:02:34]} Rd4 {[%emt 0:03:01]} 42. f5 {[%emt 0:02:03]} gxf5 {[%emt 0:00:52]} 43. Bxf5 {[%emt 0:00:36]} Bd6 {[%emt 0:00:58]} 44. Bc2 {[%emt 0:00:39]} Rc4 {[%emt 0:00:27]} 45. Rd2 {[%emt 0:01:31]} Be5 {[%emt 0:02:32]} 46. Bd1 {[%emt 0:01:36]} Rc3 {[%emt 0:00:25]} 47. Rg2 {[%emt 0:01:07]} f5 {[%emt 0:00:57]} 48. Bxh5 {[%emt 0:00:05]} f4 {[%emt 0:00:22]} 49. Be2 {[%emt 0:01:40]} Kg7 {[%emt 0:01:25]} 50. Kg4 {[%emt 0:00:31]} fxg3 {[%emt 0:00:27]} 51. Bb5 {[%emt 0:00:10]} Kf6 {[%emt 0:00:41]} 52. Re2 {[%emt 0:00:36]} Rc8 {[%emt 0:00:52]} 53. Kh3 {[%emt 0:00:29]} Rc1 {[%emt 0:01:30]} 54. Kg4 {[%emt 0:00:43]} Rf1 {[%emt 0:01:10]} 55. Bc6 {[%emt 0:00:36]} Rd1 {[%emt 0:00:26]} 56. Kh3 {[%emt 0:00:30]} Rd4 {[%emt 0:00:34]} 57. Rc2 {[%emt 0:00:31]} Kf5 {[%emt 0:00:37]} 58. Bb5 {[%emt 0:00:28]} Rd1 {[%emt 0:00:26]} 59. Bc6 {[%emt 0:00:17]} Kf4 {[%emt 0:00:29]} 60. Rc4+ {[%emt 0:00:02]} Rd4 {[%emt 0:00:39]} 61. Rxd4+ {[%emt 0:00:09]} Bxd4 {[%emt 0:00:06]} 1/2-1/2

[Event "Romanian Open 2019"]
[Site "Alba Iulia"]
[Date "2019.10.30"]
[Round "4.12"]
[White "Sahil, Tickoo"]
[Black "Manush Shah"]
[Result "0-1"]
[WhiteElo "2167"]
[BlackElo "2352"]
[Annotator "NA"]
[PlyCount "104"]
[EventDate "2019.10.28"]
[EventType "swiss"]
[EventCountry "ROU"]
[SourceTitle "playchess.com"]
[Source "ChessBase"]
[SourceQuality "1"]
[TimeControl "5400+30"]

1. d4 {[%emt 0:03:20]} d5 {[%emt 0:00:00]} 2. c4 {[%emt 0:00:06]} e6 {[%emt 0:00:13]} 3. Nc3 {[%emt 0:00:08]} Nf6 {[%emt 0:00:08]} 4. Nf3 {[%emt 0:00:12]} c6 {[%emt 0:00:11]} 5. e3 {[%emt 0:00:07]} Nbd7 {[%emt 0:00:11]} 6. Qc2 {[%emt 0:00:07]} b6 {[%emt 0:00:50]} 7. b3 {[%emt 0:00:18]} Bb7 {[%emt 0:00:18]} 8. Bd3 {[%emt 0:00:10]} Rc8 {[%emt 0:01:14]} 9. Bb2 {[%emt 0:03:52]} Bd6 {[%emt 0:01:03]} 10. Qe2 {[%emt 0:02:12]} Qe7 {[%emt 0:01:46]} 11. O-O {[%emt 0:06:53]} O-O {[%emt 0:00:52]} 12. Rfe1 {[%emt 0:05:06]} dxc4 {[%emt 0:05:30]} 13. Bxc4 {[%emt 0:00:49]} b5 {[%emt 0:01:55]} 14. Bd3 {[%emt 0:00:15]} e5 {[%emt 0:00:20]} 15. e4 {[%emt 0:16:21]} Rfe8 {[%emt 0:09:34]} 16. Rad1 {[%emt 0:01:05]} exd4 {[%emt 0:06:32]} 17. Nxd4 {[%emt 0:00:12]} g6 {[%emt 0:00:40]} 18. Nf3 {[%emt 0:14:05]} Ne5 {[%emt 0:04:32]} 19. Nxe5 {[%emt 0:00:46]} Bxe5 {[%emt 0:00:24]} 20. g3 {[%emt 0:08:31]} a6 {[%emt 0:03:09]} 21. a4 {[%emt 0:02:12]} Rcd8 {[%emt 0:12:33]} 22. Nb1 {[%emt 0:11:38]} Ng4 {[%emt 0:06:36]} 23. Ba3 {[%emt 0:04:09]} Qe6 {[%emt 0:01:43]} 24. Bc2 {[%emt 0:10:14]} Bd4 {[%emt 0:08:46]} 25. Rxd4 {[%emt 0:00:07]} Rxd4 {[%emt 0:00:01]} 26. Bb2 {[%emt 0:00:08]} Rd7 {[%emt 0:00:41]} 27. f3 {[%emt 0:01:37]} Ne5 {[%emt 0:01:46]} 28. f4 {[%emt 0:04:47]} Ng4 {[%emt 0:00:03]} 29. h3 {[%emt 0:00:12]} Nh6 {[%emt 0:02:28]} 30. g4 {[%emt 0:01:35]} f6 {[%emt 0:00:20]} 31. Qe3 {[%emt 0:01:13]} Nf7 {[%emt 0:00:26]} 32. Qc3 {[%emt 0:00:28]} g5 {[%emt 0:01:33]} 33. Qxf6 {[%emt 0:02:21]} Qxf6 {[%emt 0:00:08]} 34. Bxf6 {[%emt 0:00:02]} gxf4 {[%emt 0:00:23]} 35. e5 {[%emt 0:00:05]} Rd6 {[%emt 0:02:22]} 36. Kf1 {[%emt 0:01:18]} Rde6 {[%emt 0:00:48]} 37. Bf5 {[%emt 0:00:13]} Rxe5 {[%emt 0:00:17]} 38. Bxe5 {[%emt 0:00:16]} Rxe5 {[%emt 0:00:05]} 39. Rxe5 {[%emt 0:01:06]} Nxe5 {[%emt 0:00:01]} 40. Be4 {[%emt 0:00:12]} Bc8 {[%emt 0:00:54]} 41. axb5 {[%emt 0:00:06]} axb5 {[%emt 0:01:35]} 42. b4 {[%emt 0:00:28]} h5 {[%emt 0:01:16]} 43. gxh5 {[%emt 0:00:33]} Bxh3+ {[%emt 0:00:01]} 44. Kf2 {[%emt 0:00:36]} Kg7 {[%emt 0:00:08]} 45. Nc3 {[%emt 0:01:37]} Bg4 {[%emt 0:00:18]} 46. Bxc6 {[%emt 0:00:39]} Nxc6 {[%emt 0:00:03]} 47. Nxb5 {[%emt 0:00:08]} Nxb4 {[%emt 0:00:26]} 48. Nd4 {[%emt 0:00:50]} Nd3+ {[%emt 0:00:09]} 49. Kg2 {[%emt 0:00:30]} Kh6 {[%emt 0:00:04]} 50. Nb5 {[%emt 0:00:29]} f3+ {[%emt 0:00:14]} 51. Kh2 {[%emt 0:00:34]} f2 {[%emt 0:00:07]} 52. Kg2 {[%emt 0:00:24]} Bh3+ {[%emt 0:00:09]} 0-1

[Event "Romanian Open 2019"]
[Site "Alba Iulia"]
[Date "2019.10.31"]
[Round "5.2"]
[White "Manolache, Marius"]
[Black "Shishkin, Vadim"]
[Result "1-0"]
[WhiteElo "2548"]
[BlackElo "2428"]
[Annotator "TA"]
[PlyCount "97"]
[EventDate "2019.10.28"]
[EventType "swiss"]
[EventCountry "ROU"]
[SourceTitle "playchess.com"]
[Source "ChessBase"]
[SourceQuality "1"]

{[%evp 9,97,0,2,-16,-6,-22,-5,-48,-52,-55,-52,-50,-36,-41,16,8,13,7,10,14,37,19,39,25,70,37,43,15,66,59,77,0,0,0,0,0,0,0,0,0,0,-18,0,0,0,0,0,0,0,0,0,0,0,-7,0,0,0,-6,-6,-37,-45,-44,0,0,0,0,105,110,101,73,76,80,85,79,83,74,75,75,252,252,252,252,378,365,350,371,357,341,580,575]} 1. d4 Nf6 2. Bf4 g6 3. Nc3 d5 4. e3 Bg7 5. Nb5 (5. h4 c6 6. Be2 Qb6 7. Rb1 h5 8. Nf3 Bg4 9. Ne5 Bxe2 10. Qxe2 Nbd7 11. Qf3 Qa6 {0-1 (32) Karjakin,S (2750)-Yu,Y (2752) Saint Louis 2019}) 5... Na6 6. h3 {A45: Trompowsky Attack} O-O 7. Nf3 Ne4 8. Bd3 {The position is equal.} c6 9. Nc3 Nxc3 $1 10. bxc3 Qa5 11. O-O $146 ({Predecessor:} 11. Qd2 c5 12. c4 Qxd2+ 13. Kxd2 {0-1 (29) Maksimovic,B (2306)-Vucinic,G (2411) Valjevo 2018}) 11... c5 (11... Qxc3 $15 12. Rb1 c5) 12. c4 $11 Nb4 13. Qd2 {Strongly threatening a3.} cxd4 14. exd4 {Black should prevent a3.} dxc4 15. Bxc4 Nc6 $1 16. c3 b5 17. Bd5 Bb7 18. Bh6 Rad8 (18... e6 $11 19. Bxg7 Kxg7) 19. Bxg7 $14 Kxg7 20. Bxc6 (20. Be4 $16) 20... Bxc6 $11 21. Ne5 Bd5 22. Rfe1 Rc8 23. Ng4 Be6 24. Re3 Rfd8 25. Rb1 Qxa2 (25... a6 {with more complications.} 26. Rb2 Qc7 27. Ne5 Rd6 28. Qe1 Bd5) 26. Qxa2 Bxa2 27. Rxb5 Rc7 28. Ra5 Be6 29. Ne5 Rd6 30. Ra3 Rb6 31. Ra5 Rb1+ 32. Kh2 Rd1 33. h4 Rd2 34. Kg3 Ra2 35. Rb5 a6 36. Rb6 a5 37. c4 Bxc4 (37... Rc2 $11) 38. Rc3 $16 Ra4 39. Nd3 $36 {[%mdl 2048] White is in control.} Ra1 {[#]} 40. Nc5 $1 ({Of course not} 40. Nb2 Rb1 $11) 40... Bd5 {[#] And now ...Ra7 would win.} 41. Ne6+ $1 {[%mdl 576] Discovered Attack} Bxe6 42. Rxc7 {[%mdl 4096] Endgame KRR-KRB} Rd1 43. Rxe7 Kf6 $2 (43... Kf8 $16 44. Ra7 Rxd4) 44. Rd7 $18 {Threatens to win with d5.} Kf5 45. Rdd6 a4 (45... Kf6 $142 46. Rb7 a4) 46. Ra6 Rd3+ 47. f3 a3 48. Kf2 a2 $2 {[#]} (48... h5 {keeps fighting.} 49. Ra5+ Kf6) 49. Rxa2 $1 {[%mdl 512] Accuracy: White = 70%, Black = 59%.} 1-0

[Event "Romanian Open 2019"]
[Site "Alba Iulia"]
[Date "2019.10.31"]
[Round "5.3"]
[White "Omelja, Artem"]
[Black "Akash G"]
[Result "1-0"]
[WhiteElo "2424"]
[BlackElo "2449"]
[Annotator "TA"]
[PlyCount "121"]
[EventDate "2019.10.28"]
[EventType "swiss"]
[EventCountry "ROU"]
[SourceTitle "playchess.com"]
[Source "ChessBase"]
[SourceQuality "1"]

{[%evp 16,121,32,33,34,13,10,-5,0,-10,-7,-25,-20,-20,-33,-74,0,0,0,-1,17,0,-8,-61,-3,-22,-20,0,0,0,30,35,47,45,83,67,142,0,0,0,0,0,0,-75,-75,-62,-81,-105,-41,-68,0,0,0,0,0,-175,0,0,252,288,262,0,0,0,385,319,304,0,0,0,0,-26,0,0,0,0,0,0,0,0,0,0,179,185,295,310,987,985,1919,1860,6847,6625,5591,5432,3340,2127,5040,1092,1092,1042,29991,29968,29962,29964,29969,29972,5290,5143]} 1. Nf3 Nf6 2. c4 g6 3. Nc3 Bg7 4. e4 d6 5. d4 O-O 6. h3 e5 7. d5 a5 8. Be3 Na6 9. g4 Nd7 {E90: King's Indian: Classical: Early deviations and 6 h3} (9... Nc5 10. Nd2 c6 11. Be2 a4 12. h4 Qa5 13. f3 a3 14. Qc2 axb2 15. Qxb2 h5 16. g5 Nfd7 17. O-O f6 18. Kg2 Qd8 19. Nb3 fxg5 20. hxg5 {½-½ (67) Nepomniachtchi,I (2757)-Grischuk,A (2766) chess.com INT 2018}) 10. Rg1 Ndc5 11. a3 a4 {The position is equal.} 12. Nd2 Bd7 13. Qc2 c6 14. O-O-O Rb8 $146 ({Predecessor:} 14... Qa5 15. Kb1 Rfc8 16. h4 cxd5 17. exd5 {½-½ (72) Ovetchkin,R (2556)-Tihonov,J (2460) St Petersburg 2009}) 15. dxc6 Bxc6 ({Better is} 15... bxc6 $17 16. Nxa4 Nxa4 17. Qxa4 Nc5) 16. Kb1 Ne6 17. Nf3 Nac5 18. h4 Nb3 19. Nb5 (19. Nd5 $11) 19... Bxb5 (19... Qe7 $15) 20. cxb5 $11 Rc8 21. Bc4 Na5 22. Nd2 Nd4 (22... d5 $5 23. exd5 Nd4 24. Qxa4 Nxc4 25. Nxc4 Qxd5 $11 {[%mdl 64] Double Attack}) 23. Qxa4 Nxc4 24. Nxc4 Qc7 25. Rc1 {aiming for Nxe5!} Qd7 (25... Qe7 $14) 26. Nb6 ({White should try} 26. h5 $1 $16) 26... Rxc1+ 27. Bxc1 Qd8 $36 {[%mdl 2048] Black has some pressure.} 28. Nd5 Qxh4 29. Be3 (29. Qc4 $11 {keeps the balance.}) 29... Ne2 $1 $17 {[%cal Re2g1]} 30. Rf1 Qxg4 31. f3 Qh3 (31... Qg2 $17 32. Qd1 Nd4) 32. Rf2 $15 h5 (32... Nd4 $15 33. Qa7 Qd7) 33. Qa7 $1 $11 Qh1+ 34. Ka2 Qe1 35. a4 $2 (35. Rh2 $11) 35... Kh7 $2 (35... Qd1 $19 {Hoping for ...Kh7.} 36. Ka3 Nd4 37. Bxd4 exd4 38. Qxb7 d3 39. Ne7+ Kh7) 36. Qxb7 f5 $2 {[%mdl 8192]} (36... Nc1+ $11 37. Ka3 Bh6 38. Bxh6 Kxh6) 37. exf5 $1 $18 Rxf5 38. Qc6 $2 ({White must play} 38. Qc7 $1 $18) 38... e4 $1 $11 39. b6 {b7 is the strong threat.} exf3 $2 {[%mdl 8192]} (39... Nf4 $1 $11 40. Nxf4 Qxe3) 40. b7 $18 Rf8 {[#]} 41. Qb6 $2 ({Much less strong is} 41. Qxd6 Qa5 $18) (41. Nf6+ $1 $18 {[%mdl 512]} Bxf6 (41... Rxf6 42. b8=Q) 42. Rxf3) 41... Qd1 $11 {[%mdl 64] Double Attack} 42. Qb5 Qc2 $1 43. Qb3 Qxb3+ 44. Kxb3 Rb8 45. a5 {[%cal Ba4a5,Ba5a6,Ba6a7][%mdl 32] And now a6 would win.} Rxb7+ 46. Kc4 Rxb2 47. a6 Ra2 48. a7 Bh6 $2 {[#]} (48... h4 $11 {and Black is okay.}) 49. Bb6 $1 $18 ({Stronger than} 49. Rxf3 Bxe3 50. Rxe3 Rxa7 $11) 49... g5 (49... Bg7 {was called for.}) 50. Rxf3 Nf4 $2 (50... h4 51. Rf2 Ra4+ 52. Kb5 Rxa7) 51. Nxf4 gxf4 52. Kb5 Rxa7 53. Bxa7 {[%mdl 4096] Endgame} Kg6 54. Kc4 Kf5 55. Kd3 Kg4 56. Ke2 (56. Rf1 $142 h4 57. Rg1+ Kf3 58. Rg8) 56... h4 57. Rf1 Kg3 58. Bf2+ Kg4 59. Rg1+ Kh5 60. Kf3 Bg5 61. Rd1 {Accuracy: White = 53%, Black = 41%.} 1-0

[Event "Romanian Open 2019"]
[Site "Alba Iulia"]
[Date "2019.10.31"]
[Round "5.4"]
[White "Pap, Misa"]
[Black "Banzea, Alexandru-Bogdan"]
[Result "1-0"]
[WhiteElo "2432"]
[BlackElo "2389"]
[Annotator "TA"]
[PlyCount "91"]
[EventDate "2019.10.28"]
[EventType "swiss"]
[EventCountry "ROU"]
[SourceTitle "playchess.com"]
[Source "ChessBase"]
[SourceQuality "1"]

{[%evp 9,91,17,13,12,16,0,0,5,10,6,12,-8,-8,-9,-14,-9,-14,-20,-21,-40,61,52,44,45,47,47,62,49,76,64,128,133,151,85,87,78,218,159,153,120,200,182,180,175,161,157,195,186,181,187,256,149,475,439,591,582,547,543,503,469,495,487,484,481,452,452,311,150,2134,743,652,483,550,312,1112,781,708,793,5639,305,5235,2547,1893,865]} 1. e4 c6 2. Ne2 d5 3. e5 d4 (3... Bf5 4. Ng3 Bg6 5. h4 h6 6. h5 Bh7 7. e6 Qd6 8. exf7+ Kxf7 9. d4 e5 10. dxe5 Qxe5+ 11. Be2 Bc5 {0-1 (55) Mamedov,R (2703)-Van Foreest,J (2614) Skopje 2018}) 4. f4 c5 5. Ng3 Nc6 $146 ({Predecessor:} 5... Qd5 6. c4 Qc6 7. d3 g6 8. Nd2 Nh6 9. Nde4 Nf5 10. Qf3 h5 11. Be2 {0-1 (40) Khukhashvili,S (2408)-Khotenashvili,B (2490) Batumi 2012}) 6. Be2 {B10: Caro-Kann: 2 d3 and 2 c4} e6 7. Na3 Be7 8. Bf3 {The position is equal.} Bd7 9. d3 Nh6 10. Nc4 b5 11. Nd2 O-O 12. O-O Rc8 13. a3 Nf5 14. Nde4 Nxg3 (14... Qb6 $15) 15. hxg3 $14 f5 16. exf6 gxf6 17. g4 c4 18. Bd2 a5 19. Qe1 cxd3 (19... Be8 $14) 20. cxd3 $16 b4 21. Qh4 ({White should play} 21. g5) 21... bxa3 22. bxa3 Rb8 (22... f5 $16 23. Ng5 Bxg5 24. fxg5 Ne7) 23. Rac1 Rb2 ({Not} 23... Bxa3 $2 24. g5 $18) 24. Qh6 {Hoping for g5.} Qe8 (24... Rf7 $16) 25. g5 Qg6 26. Qxg6+ hxg6 27. gxf6 Bxa3 28. Rc4 $1 Rb6 29. g4 Bb4 (29... Rc8 {was necessary.} 30. Ng5 Rf8) 30. g5 (30. Bxb4 $18 Rxb4 31. Rc2) 30... a4 $2 {[%mdl 8192]} (30... Rd8 $16 31. Bg4 Bxd2) 31. Bxb4 $18 Rxb4 32. Nc5 Rxc4 33. dxc4 Nb8 34. Ra1 Rc8 35. Nxa4 Rxc4 36. Nb6 Rb4 37. Nxd7 Nxd7 {[%mdl 4096] Endgame KRB-KRN} 38. Ra8+ (38. Ra7 $18 {and the rest is easy.} Nf8 39. Kf2) 38... Nf8 $2 {[#]} (38... Rb8 $16) 39. Kf2 (39. f5 $142 $1 {[%mdl 512]} Kf7 (39... exf5 40. Bd5+) 40. Ra7+ Kg8 41. fxe6 Rb1+ 42. Kf2 Rb2+ 43. Ke1 Nxe6 {[#]} 44. Bd5 $1 {[%mdl 512]} Rb1+ 45. Kd2) 39... Rb2+ 40. Kg3 Rb5 41. Rd8 Kf7 $2 (41... Rc5 42. Rxd4 Kf7) 42. Bc6 {White wants to mate with Be8+.} Rb3+ 43. Kg4 d3 44. Be8+ Kg8 45. Bxg6 d2 46. Bc2 {Accuracy: White = 54%, Black = 34%.} (46. Bh5 $142 Rb1 47. Rxd2 Rg1+ 48. Kf3 Rf1+ 49. Ke4 Re1+ 50. Re2) 1-0

[Event "Romanian Open 2019"]
[Site "Alba Iulia"]
[Date "2019.10.31"]
[Round "5.5"]
[White "Moksh Amit Doshi"]
[Black "Andreev, Eduard"]
[Result "0-1"]
[WhiteElo "2328"]
[BlackElo "2435"]
[Annotator "TA"]
[PlyCount "78"]
[EventDate "2019.10.28"]
[EventType "swiss"]
[EventCountry "ROU"]
[SourceTitle "playchess.com"]
[Source "ChessBase"]
[SourceQuality "1"]

{[%evp 18,78,90,84,93,89,114,118,129,137,148,97,95,14,19,26,24,1,51,49,59,17,53,16,0,0,0,-33,-38,-23,-36,-43,1,-98,-84,-101,-97,-245,-232,-304,-318,-372,-165,-351,-307,-310,-312,-531,-551,-973,-952,-964,-935,-973,-957,-29984,-29985,-29984,-1385,-1827,-1802,-29987,-29988]} 1. d4 Nf6 2. c4 c5 3. d5 g6 4. Nc3 Bg7 5. e4 O-O 6. Nf3 d6 7. h3 e6 8. Bd3 Na6 9. O-O e5 10. Bg5 h6 {E90: King's Indian: Classical: Early deviations and 6 h3} 11. Be3 Ne8 (11... Nh5 12. Qd2 Qf6 13. Bxh6 Bxh6 14. Qxh6 Nf4 15. Ng5 Qg7 16. Qxg7+ Kxg7 17. Bc2 Rh8 18. Bd1 {0-1 (60) Grandelius,N (2623)-Hansen,C (2621) Oslo 2015}) 12. Qd2 Kh7 {White is better.} 13. Nh2 f5 {White must now prevent ...f4.} 14. exf5 $146 (14. f4 $142) ({Predecessor:} 14. f4 b6 15. Rae1 Rb8 16. a3 Rb7 17. fxe5 dxe5 18. exf5 gxf5 {1-0 (38) Braschi,G (2124)-Di Caro,C (1912) Bratto 2002}) 14... gxf5 $16 15. f4 (15. a3 $16) 15... e4 $11 16. Be2 Nac7 17. Kh1 a6 18. a4 Rb8 19. Rg1 Bd7 20. g4 b5 21. axb5 axb5 22. cxb5 Nxb5 23. Bxb5 Bxb5 24. gxf5 Qd7 25. Qg2 (25. f6 $11 {keeps the balance.} Nxf6 26. f5 $1 {[%mdl 512]} (26. Nxb5 Rxb5 27. f5 Rg8 $17) (26. Qg2 Bd3 $17)) 25... Bd3 $1 $17 26. Ng4 {Threatening Nxh6!} ({Avoid the trap} 26. Nxe4 $2 Rxb2 27. Nf2 Bxf5 $19) 26... Qxf5 27. Bc1 (27. Ra7 $17 Rf7 28. Rxf7 Qxf7 29. Bc1) 27... Rb7 $1 $19 28. Ra8 Bd4 {Threatens to win with ...Rg7.} 29. Be3 Rg7 (29... h5 $142 30. Qh2 Qf7) 30. Qf2 $2 (30. Qg3 {was the only chance.}) 30... Bxe3 31. Qxe3 h5 32. Nh2 $2 (32. Rg2) 32... Rxg1+ 33. Kxg1 Rg8+ 34. Kf2 Qg6 {[%csl Gg8][%cal Rg6g1]} 35. Ke1 Qg2 {[%mdl 64] ( -> ...Qh1+). Double Attack} 36. Qf2 Qh1+ 37. Nf1 Bxf1 (37... e3 $142 38. Ra7+ {[#]} Kh8 $1 {[%mdl 512]} 39. Qe2 Bxe2 40. Nxe2 Qf3 41. Nxe3 Qxe3 42. Kf1 Qxh3+ 43. Ke1 Qh1+ 44. Kd2 Qxd5+ 45. Kc3 Qe4 46. Re7 Qxe7 47. Kd2 Rg2 $1 {[%mdl 512]} 48. Kc3 Qxe2 49. Kb3 Qc2+ 50. Ka3 Qxb2+ 51. Ka4 Qb4#) 38. Ra7+ Kh6 {aiming for ...Bd3+.} 39. Qe3 Bd3+ {Accuracy: White = 21%, Black = 63%.} 0-1

[Event "Romanian Open 2019"]
[Site "Alba Iulia"]
[Date "2019.10.31"]
[Round "5.6"]
[White "Manush Shah"]
[Black "David, Alexandru-Vasile"]
[Result "0-1"]
[WhiteElo "2352"]
[BlackElo "2424"]
[Annotator "TA"]
[PlyCount "76"]
[EventDate "2019.10.28"]
[EventType "swiss"]
[EventCountry "ROU"]
[SourceTitle "playchess.com"]
[Source "ChessBase"]
[SourceQuality "1"]

{[%evp 18,88,33,25,21,13,20,23,22,22,27,21,16,10,16,10,10,8,32,20,29,0,0,0,0,-18,15,-40,-39,-64,-73,-55,0,0,0,0,0,0,0,0,0,0,0,-8,-8,-58,-58,-59,-58,-83,-84,-283,-233,-224,-199,-211,-151,-775,-768,-1045,-1041,-980,-962,-962,-912,-912,-770,-646,-504,-5085,-5057,-29971,-12229]} 1. d4 Nf6 2. Nf3 g6 3. c4 Bg7 4. g3 d5 5. Bg2 O-O 6. O-O c6 7. b3 a5 8. Nc3 Bf5 9. Bb2 Ne4 10. e3 Nxc3 {D78: Fianchetto Grünfeld: 6 0-0 c6} 11. Bxc3 Be4 12. Bh3 Bxf3 {White has an edge.} 13. Qxf3 e6 {[#]} 14. Rfd1 $146 ({Predecessor:} 14. Qe2 Nd7 15. Rfd1 {1-0 (36) Sargissian,G (2672)-Rakhmanov,A (2653) Riadh 2017}) 14... f5 15. Qe2 Nd7 16. f3 Nf6 17. Bg2 Kh8 18. Re1 g5 19. g4 Qe8 20. Rad1 Qg6 21. Qc2 Rf7 (21... fxg4 {feels hotter.} 22. Qxg6 hxg6 23. fxg4 Nxg4 24. Rd2 a4) 22. gxf5 (22. h3 $11) 22... exf5 $15 23. e4 fxe4 24. fxe4 {[%cal Rc4d5]} Nxe4 (24... Raf8 $15) 25. Bxe4 $11 dxe4 26. Qxe4 Qh5 27. Rd3 Rf4 28. Qe2 g4 29. Re3 Raf8 {[#] White must now prevent ...Rf2!} 30. Re8 Qh3 31. Bb2 g3 {Strongly threatening ...Rxe8.} 32. Rxf8+ Rxf8 33. Qg2 gxh2+ $40 {[%mdl 128] Black wants a kill.} 34. Qxh2 $2 (34. Kh1 $17 Qxg2+ 35. Kxg2) 34... Qg4+ {[%mdl 64] Double Attack} 35. Kh1 {[#]} c5 $1 ({Weaker is} 35... Bxd4 36. Bxd4+ Qxd4 37. Qe5+ Qxe5 38. Rxe5 $15) 36. Rg1 Qf5 37. Qd2 $2 ({Not} 37. Rxg7 $2 Qe4+ 38. Rg2 Rf1+ 39. Qg1 Rxg1+ 40. Kxg1 cxd4 $19) (37. Qh4 $17) 37... cxd4 $19 {( -> ...Be5)} 38. Rxg7 Kxg7 {Played: Qf5-h3} 0-1

[Event "Romanian Open 2019"]
[Site "Alba Iulia"]
[Date "2019.10.31"]
[Round "5.7"]
[White "Gomes, Mary Ann"]
[Black "Secheres, Adrian-Simion"]
[Result "1/2-1/2"]
[WhiteElo "2268"]
[BlackElo "2397"]
[Annotator "TA"]
[PlyCount "65"]
[EventDate "2019.10.28"]
[EventType "swiss"]
[EventCountry "ROU"]
[SourceTitle "playchess.com"]
[Source "ChessBase"]
[SourceQuality "1"]

{[%evp 11,65,20,40,8,7,-3,6,0,21,16,16,7,25,16,23,21,25,10,83,70,95,47,44,27,33,72,57,14,16,16,14,16,27,29,35,35,50,47,43,13,0,0,0,0,0,0,0,0,0,0,0,0,0,0,0,0]} 1. Nf3 Nf6 2. g3 g6 3. b3 Bg7 4. Bb2 d6 5. d4 O-O 6. Bg2 Nbd7 7. Nc3 {A49: 1 d4 Nf6 2 Nf3 g6 3 g3: Anti-King's Indian systems} (7. O-O Re8 8. c4 c6 9. Nc3 e5 10. d5 cxd5 11. cxd5 e4 12. Nd4 e3 13. f4 Ng4 14. Nc2 Ndf6 15. Qe1 Bf5 16. Nd4 Be4 17. Nxe4 Nxe4 18. Ne6 fxe6 19. Bxg7 {0-1 (60) Carlsen,M (2837)-Grischuk,A (2772) Riadh 2017}) 7... c6 8. O-O Re8 9. a4 d5 $146 ({Predecessor:} 9... e5 10. dxe5 dxe5 {1-0 (43) Demian,V-Dobrogeanu,C Romania 1991}) 10. Re1 e5 11. dxe5 Nxe5 12. Nxe5 Rxe5 13. e4 Bg4 14. f3 Qb6+ (14... Bd7 $11) 15. Kh1 $16 {aiming for a5.} Be6 16. Ne2 Rh5 17. Nf4 {[#] Threatens to win with e5.} (17. a5 {is more complex.} Qd8 18. e5 Nd7 19. f4 Bg4 20. a6) 17... Nxe4 $1 18. fxe4 Bxb2 19. Nxh5 {[%cal Re4d5]} Bxa1 20. Qxa1 {[%csl Gh5][%cal Ra1g7]} gxh5 21. Qf6 Qd8 22. Qh6 d4 23. Qxh5 Qf6 24. Rf1 Qg7 25. Qc5 b6 {The position is equal.} 26. Qxc6 Rc8 27. Qd6 Rxc2 28. Qd8+ Qf8 29. Qxd4 Qh6 30. Qd8+ Kg7 31. Qd4+ Kg8 32. Qd8+ Kg7 33. Qd4+ {Accuracy: White = 63%, Black = 55%.} 1/2-1/2